Quiz o województwie podlaskim - Statystyki

Ogólne statystyki
  • Ten quiz został rozwiązany 2 224 razy
  • Średni wynik to 9 z 14
Statystyki odpowiedzi
Wskazówka Odpowiedź % Poprawnych
Stolica województwa Białystok
99%
Miasto nazywane "polskim biegunem zimna" Suwałki
92%
Najpopularniejsze zwierzę, które można tam spotkać Żubr
91%
Najbardziej utytułowany klub piłkarski w województwie Jagiellonia Białystok
78%
Trzecie miasto na prawach powiatu Łomża
70%
Mniejszość etniczna żyjąca na obszarze Podlasia, od jej nazwy pochodzi sos Tatarzy
69%
Drugi najstarszy park narodowy w Polsce Białowieski PN
68%
Największy obszar leśny na terenie województwa Puszcza Białowieska
68%
Język pomocniczy wprowadzony w Hajnówce białoruski
66%
Największa rzeka w województwie Narew
64%
Religia wyznawana przez dużą ich część Islam
60%
Wymarłe zwierzę żyjące dawniej na terenie województwa Tur
51%
Potrawa przypominająca kluski śląskie wypełnione mięsem (podaj regionalną nazwę) Kartacze
46%
Wojewoda podlaski Jacek Brzozowski
15%
Nie znaleziono quizów pasujących do podanych kryteriów
Rozkład punktacji
Procent ludzi z każdym wynikiem
Percentyl według liczby udzielonych odpowiedzi
Twoja historia wyników
Nie rozwiązałeś tego quizu